|
|
|
|
| LEADER |
00000nab a2200000 a 4500 |
| 001 |
vtls000889726 |
| 003 |
SK-MaSNL |
| 005 |
20260303163851.0 |
| 008 |
041119c2004 xo wr|p|||||||000 b|slo |
| 015 |
|
|
|a SNBRx2004/10
|2 snkbucl
|
| 038 |
|
|
|a SNKBUCL
|
| 040 |
|
|
|a SNKBUCL
|b slo
|c SNKBUCL
|e AACR2
|
| 041 |
0 |
|
|a slo
|
| 044 |
|
|
|a xo
|c SK
|
| 080 |
|
|
|a 614.8
|x (437.6)
|2 UDC-MRF-SK2
|
| 080 |
|
|
|a 502.4
|x (437.6)
|2 UDC-MRF-SK2
|
| 100 |
0 |
|
|a ate
|4 aut
|9 870347
|
| 245 |
1 |
0 |
|a Zo záchranných akcií v horách v máji a júni
|c [autori] -ate, zhs-
|
| 610 |
1 |
7 |
|a Horská záchranná služba (Vysoké Tatry, Slovensko)
|2 snkbucl
|9 55573
|
| 648 |
|
7 |
|a máj-jún 2004
|2 snkbucl
|9 1188977
|
| 650 |
0 |
7 |
|a záchranné akcie
|2 snkbucl
|9 1024242
|
| 651 |
|
7 |
|a Tatranský národný park (Slovensko)
|2 snkbucl
|9 106968
|
| 700 |
0 |
|
|a zhs
|4 aut
|9 870344
|
| 773 |
0 |
|
|t Tatry
|g Roč. XLIII, č. 5 (2004), s. 27
|x 1335-6828
|
| 852 |
|
|
|a SNK
|b KIS3GCP
|
| 999 |
|
|
|c 2061821
|d 2063751
|